00446nam a22001817a 450000500170000000800410001702000180005808200170007610000180009324500280011125000130013926000360015230000080018850000180019665000150021470000180022999900170024720230919103024.0230919b |||||||| |||| 00| 0 eng d a9789812435118 a658.8bKOT-P aKotler philip aPrinciples of marketing a13th ed. aIndiabDorling kindersleyc2010 a114 aInclude Index aManagement aPhilip kotler c33626d33626